| 000 | 00934nam a2200289 a 4500 | ||
|---|---|---|---|
| 001 | 24388 | ||
| 003 | CO-ViMGA | ||
| 008 | 141112s2004 ck r 000 u spa d | ||
| 020 | _a9806993047 | ||
| 040 |
_aCO-ViMGA _bspa _cCO-ViMGA |
||
| 041 | _aSPA | ||
| 090 | _aP NOS2 | ||
| 245 | 1 | 0 |
_aNo se aburra! : _bpalabras para reír y jugar / _crecopilación Maité Dautant ; ilustrado por María Elena Repiso |
| 250 | _a1a ed., 1a reimpr. | ||
| 260 |
_aCaracas : _bEdiciones B, _c2007 |
||
| 300 | _a48 p. : il. col. : il. | ||
| 490 | _aIguana | ||
| 650 | 1 | 4 |
_aADIVINANZAS _9960 |
| 650 | 1 | 4 |
_aDESDE LOS 6 AÑOS _92351 |
| 650 | 1 | 4 |
_aHUMOR - POESIA _935874 |
| 650 | 1 | 4 |
_aJUEGOS CON LA PALABRA _935875 |
| 650 | 1 | 4 |
_aLEER ES MI CUENTO - COLECCION 2011 _935876 |
| 650 | 1 | 4 |
_aVIDA COTIDIANA - ANECDOTAS, CHISTES, SATIRAS, ETC. _935877 |
| 700 | 1 |
_aDautant, Maité _935878 |
|
| 700 | 1 |
_aRepiso, María Elena _935879 |
|
| 942 |
_2ddc _cBK |
||
| 999 |
_c32325 _d32325 |
||